[Event "DEM U18 2024"]
[Site "Willingen GER"]
[Date "2024.05.23"]
[Round "7"]
[White "Heinrich, John"]
[Black "Bilovil, Bogdan"]
[Result "0-1"]
[Termination "normal"]
[Board "1"]
[BlackTitle "FM"]
[WhiteElo "2277"]
[BlackElo "2429"]
[WhiteClock "00:18:52"]
[BlackClock "00:21:48"]
[PlyCount "92"]
[WhiteFideId "16259491"]
[BlackFideId "14168766"]
[EventCountry "GER"]
[EventRounds "9"]
[EventType "swiss"]
[EventDate "2024.05.18"]

1. Nf3 {[%clk 01:30:55]} {[%emt 00:00:03]} Nf6 {[%clk 01:30:03]} {[%emt
00:00:57]} 2. c4 {[%clk 01:31:16]} {[%emt 00:00:09]} e6 {[%clk 01:29:31]}
{[%emt 00:01:03]} 3. g3 {[%clk 01:31:39]} {[%emt 00:00:07]} d5 {[%clk
01:29:49]} {[%emt 00:00:12]} 4. Bg2 {[%clk 01:32:01]} {[%emt 00:00:07]} Be7
{[%clk 01:28:22]} {[%emt 00:01:58]} 5. O-O {[%clk 01:31:32]} {[%emt 00:01:00]}
O-O {[%clk 01:28:36]} {[%emt 00:00:15]} 6. b3 {[%clk 01:31:44]} {[%emt
00:00:18]} b6 {[%clk 01:28:33]} {[%emt 00:00:33]} 7. cxd5 {[%clk 01:30:28]}
{[%emt 00:01:46]} exd5 {[%clk 01:28:51]} {[%emt 00:00:13]} 8. Nc3 {[%clk
01:30:33]} {[%emt 00:00:24]} Bb7 {[%clk 01:27:48]} {[%emt 00:01:33]} 9. e3
{[%clk 01:30:38]} {[%emt 00:00:25]} Nbd7 {[%clk 01:26:29]} {[%emt 00:01:49]}
10. Bb2 {[%clk 01:30:29]} {[%emt 00:00:39]} a6 {[%clk 01:23:57]} {[%emt
00:03:02]} 11. Rc1 {[%clk 01:30:11]} {[%emt 00:00:48]} Bd6 {[%clk 01:22:11]}
{[%emt 00:02:16]} 12. Ne2 {[%clk 01:30:24]} {[%emt 00:00:18]} Re8 {[%clk
01:20:05]} {[%emt 00:02:35]} 13. Rc2 {[%clk 01:28:06]} {[%emt 00:02:48]} a5
{[%clk 01:16:30]} {[%emt 00:04:06]} 14. Nfd4 {[%clk 01:19:51]} {[%emt
00:08:43]} c5 {[%clk 01:11:55]} {[%emt 00:05:05]} 15. Nb5 {[%clk 01:19:56]}
{[%emt 00:00:26]} Bf8 {[%clk 01:12:16]} {[%emt 00:00:09]} 16. a4 {[%clk
01:16:30]} {[%emt 00:03:56]} Ne4 {[%clk 01:04:58]} {[%emt 00:07:48]} 17. Nf4
{[%clk 01:12:41]} {[%emt 00:04:18]} Ne5 {[%clk 00:50:21]} {[%emt 00:15:08]} 18.
d3 {[%clk 01:09:07]} {[%emt 00:04:04]} Nd6 {[%clk 00:50:35]} {[%emt 00:00:16]}
19. Nxd6 {[%clk 01:04:14]} {[%emt 00:05:23]} Qxd6 {[%clk 00:50:23]} {[%emt
00:00:42]} 20. d4 {[%clk 01:03:42]} {[%emt 00:01:02]} Nd7 {[%clk 00:48:04]}
{[%emt 00:02:48]} 21. Nxd5 {[%clk 00:58:24]} {[%emt 00:05:49]} Ba6 {[%clk
00:45:24]} {[%emt 00:03:10]} 22. Re1 {[%clk 00:56:54]} {[%emt 00:02:00]} Rac8
{[%clk 00:40:50]} {[%emt 00:05:04]} 23. Rd2 {[%clk 00:44:23]} {[%emt 00:13:00]}
c4 {[%clk 00:40:23]} {[%emt 00:00:57]} 24. e4 {[%clk 00:37:53]} {[%emt
00:07:01]} cxb3 {[%clk 00:39:00]} {[%emt 00:01:53]} 25. e5 {[%clk 00:37:16]}
{[%emt 00:01:07]} Qh6 {[%clk 00:38:40]} {[%emt 00:00:48]} 26. Re4 {[%clk
00:36:17]} {[%emt 00:01:31]} Bc4 {[%clk 00:24:50]} {[%emt 00:14:20]} 27. Rh4
{[%clk 00:35:17]} {[%emt 00:01:29]} Qg5 {[%clk 00:24:28]} {[%emt 00:00:52]} 28.
f4 {[%clk 00:29:22]} {[%emt 00:06:26]} Qg6 {[%clk 00:23:33]} {[%emt 00:01:24]}
29. f5 {[%clk 00:24:29]} {[%emt 00:05:24]} Qg5 {[%clk 00:23:07]} {[%emt
00:00:51]} 30. Rh5 {[%clk 00:23:53]} {[%emt 00:01:10]} Qd8 {[%clk 00:22:10]}
{[%emt 00:01:28]} 31. Ne3 {[%clk 00:17:16]} {[%emt 00:07:07]} b5 {[%clk
00:22:00]} {[%emt 00:00:40]} 32. axb5 {[%clk 00:17:13]} {[%emt 00:00:33]} a4
{[%clk 00:21:20]} {[%emt 00:01:10]} 33. Nxc4 {[%clk 00:17:02]} {[%emt
00:00:40]} Rxc4 {[%clk 00:21:43]} {[%emt 00:00:08]} 34. h4 {[%clk 00:05:05]}
{[%emt 00:12:27]} Bb4 {[%clk 00:10:09]} {[%emt 00:12:04]} 35. Bd5 {[%clk
00:02:33]} {[%emt 00:03:02]} Nxe5 {[%clk 00:10:09]} {[%emt 00:00:30]} 36. Bxc4
{[%clk 00:00:39]} {[%emt 00:02:24]} Bxd2 {[%clk 00:10:01]} {[%emt 00:00:38]}
37. Be2 {[%clk 00:00:38]} {[%emt 00:00:31]} Be3+ {[%clk 00:09:59]} {[%emt
00:00:33]} 38. Kh2 {[%clk 00:01:02]} {[%emt 00:00:05]} Nd7 {[%clk 00:09:42]}
{[%emt 00:00:47]} 39. f6 {[%clk 00:01:02]} {[%emt 00:00:31]} Qxf6 {[%clk
00:09:24]} {[%emt 00:00:46]} 40. Bf3 {[%clk 00:00:44]} {[%emt 00:00:48]} Qg6
{[%clk 00:01:28]} {[%emt 00:08:25]} 41. b6 {[%clk 00:22:48]} {[%emt 00:08:28]}
Nxb6 {[%clk 00:30:50]} {[%emt 00:01:09]} 42. Rc5 {[%clk 00:22:38]} {[%emt
00:00:39]} Bf2 {[%clk 00:27:31]} {[%emt 00:03:47]} 43. Rg5 {[%clk 00:21:50]}
{[%emt 00:01:18]} Qf6 {[%clk 00:24:45]} {[%emt 00:03:17]} 44. Rc5 {[%clk
00:19:13]} {[%emt 00:03:07]} Qd6 {[%clk 00:24:13]} {[%emt 00:00:59]} 45. Rg5
{[%clk 00:18:52]} {[%emt 00:00:54]} h6 {[%clk 00:23:23]} {[%emt 00:01:21]} 46.
Rg4 {[%emt 00:00:26]} Nc4 {[%clk 00:21:48]} {[%emt 00:02:02]} 0-1

[Event "DEM U18 2024"]
[Site "Willingen GER"]
[Date "2024.05.23"]
[Round "7"]
[White "Farokhi, Keyvan"]
[Black "Petrovskiy, Vadim"]
[Result "0-1"]
[Termination "normal"]
[Board "2"]
[WhiteTitle "FM"]
[BlackTitle "IM"]
[WhiteElo "2299"]
[BlackElo "2424"]
[WhiteClock "00:01:21"]
[BlackClock "00:09:14"]
[PlyCount "62"]
[WhiteFideId "12998630"]
[BlackFideId "14165210"]
[EventCountry "GER"]
[EventRounds "9"]
[EventType "swiss"]
[EventDate "2024.05.18"]

1. d4 {[%clk 01:30:49]} {[%emt 00:00:09]} Nf6 {[%clk 01:30:42]} {[%emt
00:00:20]} 2. c4 {[%clk 01:30:57]} {[%emt 00:00:20]} e6 {[%clk 01:30:20]}
{[%emt 00:00:53]} 3. Nc3 {[%clk 01:31:16]} {[%emt 00:00:10]} d5 {[%clk
01:29:09]} {[%emt 00:01:42]} 4. Nf3 {[%clk 01:31:38]} {[%emt 00:00:08]} dxc4
{[%clk 01:29:03]} {[%emt 00:00:36]} 5. e4 {[%clk 01:31:55]} {[%emt 00:00:13]}
Bb4 {[%clk 01:29:01]} {[%emt 00:00:32]} 6. Bxc4 {[%clk 01:31:03]} {[%emt
00:01:21]} Nxe4 {[%clk 01:29:14]} {[%emt 00:00:18]} 7. Qa4+ {[%clk 01:30:15]}
{[%emt 00:01:19]} Nc6 {[%clk 01:29:30]} {[%emt 00:00:14]} 8. O-O {[%clk
01:29:38]} {[%emt 00:01:05]} Bxc3 {[%clk 01:25:30]} {[%emt 00:04:32]} 9. bxc3
{[%clk 01:27:41]} {[%emt 00:02:27]} Nxc3 {[%clk 01:25:35]} {[%emt 00:00:24]}
10. Qc2 {[%clk 01:18:44]} {[%emt 00:09:26]} Nd5 {[%clk 01:24:06]} {[%emt
00:02:00]} 11. Ba3 {[%clk 01:10:55]} {[%emt 00:08:19]} Ncb4 {[%clk 01:02:53]}
{[%emt 00:21:43]} 12. Qa4+ {[%clk 01:01:49]} {[%emt 00:09:36]} Bd7 {[%clk
01:01:14]} {[%emt 00:02:09]} 13. Qb3 {[%clk 01:00:33]} {[%emt 00:01:46]} a5
{[%clk 01:01:11]} {[%emt 00:00:34]} 14. Bxd5 {[%clk 00:28:09]} {[%emt
00:32:54]} Nxd5 {[%clk 00:38:22]} {[%emt 00:23:18]} 15. Rfe1 {[%clk 00:27:03]}
{[%emt 00:01:35]} Bc8 {[%clk 00:34:36]} {[%emt 00:04:16]} 16. Rac1 {[%clk
00:25:23]} {[%emt 00:02:10]} f6 {[%clk 00:33:05]} {[%emt 00:02:02]} 17. h4
{[%clk 00:15:04]} {[%emt 00:10:49]} Kf7 {[%clk 00:31:27]} {[%emt 00:02:07]} 18.
h5 {[%clk 00:14:15]} {[%emt 00:01:19]} Re8 {[%clk 00:28:30]} {[%emt 00:03:29]}
19. Qb1 {[%clk 00:12:00]} {[%emt 00:02:44]} Kg8 {[%clk 00:27:24]} {[%emt
00:01:36]} 20. Re4 {[%clk 00:10:59]} {[%emt 00:01:31]} Qd7 {[%clk 00:24:45]}
{[%emt 00:03:09]} 21. h6 {[%clk 00:10:50]} {[%emt 00:00:38]} g6 {[%clk
00:24:47]} {[%emt 00:00:29]} 22. g4 {[%clk 00:07:18]} {[%emt 00:04:01]} g5
{[%clk 00:24:10]} {[%emt 00:01:08]} 23. Rce1 {[%clk 00:03:55]} {[%emt
00:03:53]} Qf7 {[%clk 00:19:15]} {[%emt 00:05:25]} 24. Qc1 {[%emt 00:03:33]}
Bd7 {[%clk 00:18:21]} {[%emt 00:01:01]} 25. Re5 {[%clk 00:00:34]} {[%emt
00:01:11]} Kh8 {[%clk 00:11:32]} {[%emt 00:07:19]} 26. Rxg5 {[%clk 00:00:31]}
{[%emt 00:00:33]} Rg8 {[%clk 00:10:45]} {[%emt 00:01:17]} 27. Rxg8+ {[%clk
00:00:49]} {[%emt 00:00:12]} Rxg8 {[%clk 00:11:14]} {[%emt 00:00:01]} 28. g5
{[%clk 00:01:01]} {[%emt 00:00:18]} Qh5 {[%clk 00:11:35]} {[%emt 00:00:09]} 29.
Re3 {[%clk 00:00:40]} {[%emt 00:00:52]} Nxe3 {[%clk 00:08:26]} {[%emt
00:03:39]} 30. Qxe3 {[%clk 00:01:09]} Bc6 {[%clk 00:08:55]} {[%emt 00:00:01]}
31. Be7 {[%clk 00:01:21]} {[%emt 00:00:16]} Rxg5+ {[%clk 00:09:14]} {[%emt
00:00:11]} 0-1

[Event "DEM U18 2024"]
[Site "Willingen GER"]
[Date "2024.05.23"]
[Round "7"]
[White "Haack, Kevin"]
[Black "Garner, Isaac"]
[Result "0-1"]
[Termination "normal"]
[Board "3"]
[WhiteTitle "FM"]
[WhiteElo "2286"]
[BlackElo "2289"]
[WhiteClock "00:02:03"]
[BlackClock "00:10:50"]
[PlyCount "86"]
[WhiteFideId "16228715"]
[BlackFideId "16239261"]
[EventCountry "GER"]
[EventRounds "9"]
[EventType "swiss"]
[EventDate "2024.05.18"]

1. c4 {[%clk 01:30:56]} {[%emt 00:00:04]} e6 {[%clk 01:30:43]} {[%emt
00:00:17]} 2. g3 {[%clk 01:30:06]} {[%emt 00:01:21]} d5 {[%clk 01:31:06]}
{[%emt 00:00:06]} 3. d4 {[%clk 01:30:26]} {[%emt 00:00:09]} Nf6 {[%clk
01:31:31]} {[%emt 00:00:06]} 4. Bg2 {[%clk 01:30:35]} {[%emt 00:00:20]} Bb4+
{[%clk 01:31:53]} {[%emt 00:00:09]} 5. Nd2 {[%clk 01:30:44]} {[%emt 00:00:21]}
a5 {[%clk 01:32:18]} {[%emt 00:00:06]} 6. Ngf3 {[%clk 01:30:09]} {[%emt
00:01:04]} O-O {[%clk 01:32:38]} {[%emt 00:00:10]} 7. O-O {[%clk 01:29:07]}
{[%emt 00:01:32]} a4 {[%clk 01:32:55]} {[%emt 00:00:13]} 8. a3 {[%clk
01:19:24]} {[%emt 00:10:14]} Be7 {[%clk 01:33:19]} {[%emt 00:00:05]} 9. Ne5
{[%clk 01:18:44]} {[%emt 00:01:09]} Nbd7 {[%clk 01:26:46]} {[%emt 00:07:04]}
10. Nxd7 {[%clk 01:14:41]} {[%emt 00:04:33]} Bxd7 {[%clk 01:24:59]} {[%emt
00:02:17]} 11. Qc2 {[%clk 01:12:08]} {[%emt 00:03:02]} c5 {[%clk 01:10:14]}
{[%emt 00:15:15]} 12. dxc5 {[%clk 01:05:45]} {[%emt 00:06:53]} Bxc5 {[%clk
01:10:25]} {[%emt 00:00:20]} 13. cxd5 {[%clk 01:00:31]} {[%emt 00:05:44]} Rc8
{[%clk 01:09:42]} {[%emt 00:01:13]} 14. Qd3 {[%clk 00:57:03]} {[%emt 00:03:58]}
Nxd5 {[%clk 01:05:51]} {[%emt 00:04:21]} 15. b4 {[%clk 00:52:55]} {[%emt
00:04:38]} axb3 {[%clk 00:59:07]} {[%emt 00:07:14]} 16. Nxb3 {[%clk 00:52:44]}
{[%emt 00:00:41]} Be7 {[%clk 00:58:04]} {[%emt 00:01:34]} 17. Bb2 {[%clk
00:52:24]} {[%emt 00:00:49]} Qb6 {[%clk 00:56:38]} {[%emt 00:01:57]} 18. Rab1
{[%clk 00:45:14]} {[%emt 00:07:40]} Rfd8 {[%clk 00:49:24]} {[%emt 00:07:43]}
19. Nd4 {[%clk 00:38:16]} {[%emt 00:07:27]} Qa6 {[%clk 00:41:20]} {[%emt
00:08:35]} 20. Qf3 {[%clk 00:35:22]} {[%emt 00:03:23]} Be8 {[%clk 00:38:51]}
{[%emt 00:03:00]} 21. Rfe1 {[%clk 00:33:30]} {[%emt 00:02:22]} b5 {[%clk
00:36:56]} {[%emt 00:02:25]} 22. Rbc1 {[%clk 00:28:20]} {[%emt 00:05:40]} Bf6
{[%clk 00:31:19]} {[%emt 00:06:06]} 23. Ba1 {[%clk 00:22:39]} {[%emt 00:06:12]}
Rc4 {[%clk 00:28:03]} {[%emt 00:03:46]} 24. Rxc4 {[%clk 00:19:24]} {[%emt
00:03:44]} bxc4 {[%clk 00:27:22]} {[%emt 00:01:12]} 25. Bf1 {[%clk 00:14:38]}
{[%emt 00:05:17]} Nb6 {[%clk 00:22:38]} {[%emt 00:05:12]} 26. Nc2 {[%clk
00:10:26]} {[%emt 00:04:42]} Bxa1 {[%clk 00:21:20]} {[%emt 00:01:48]} 27. Rxa1
{[%clk 00:10:55]} {[%emt 00:00:02]} Na4 {[%clk 00:19:35]} {[%emt 00:02:15]} 28.
Nb4 {[%clk 00:10:09]} {[%emt 00:01:16]} Qd6 {[%clk 00:18:29]} {[%emt 00:01:36]}
29. e3 {[%clk 00:10:05]} {[%emt 00:00:33]} c3 {[%clk 00:17:46]} {[%emt
00:01:14]} 30. Bd3 {[%clk 00:10:34]} {[%emt 00:00:01]} Nb2 {[%clk 00:16:33]}
{[%emt 00:01:42]} 31. Be4 {[%clk 00:08:31]} {[%emt 00:02:33]} Bb5 {[%clk
00:15:49]} {[%emt 00:01:14]} 32. Bc2 {[%clk 00:05:30]} {[%emt 00:03:31]} Nc4
{[%clk 00:13:45]} {[%emt 00:02:35]} 33. Bxh7+ {[%clk 00:03:43]} {[%emt
00:02:17]} Kf8 {[%clk 00:12:54]} {[%emt 00:01:20]} 34. Bc2 {[%clk 00:03:35]}
{[%emt 00:00:39]} Qc5 {[%clk 00:11:24]} {[%emt 00:01:59]} 35. e4 {[%clk
00:02:42]} {[%emt 00:01:23]} Rd2 {[%clk 00:10:03]} {[%emt 00:01:51]} 36. Bb3
{[%clk 00:01:18]} {[%emt 00:01:54]} Ne5 {[%clk 00:08:39]} {[%emt 00:01:54]} 37.
Qf4 {[%clk 00:00:56]} {[%emt 00:00:52]} g5 {[%clk 00:08:52]} {[%emt 00:00:18]}
38. Qf6 {[%clk 00:01:25]} Ng4 {[%clk 00:09:17]} {[%emt 00:00:05]} 39. Qh8+
{[%clk 00:00:49]} {[%emt 00:01:06]} Ke7 {[%clk 00:09:43]} {[%emt 00:00:03]} 40.
Qh3 {[%clk 00:00:39]} {[%emt 00:00:40]} Qxf2+ {[%clk 00:09:53]} {[%emt
00:00:20]} 41. Kh1 {[%clk 00:01:08]} {[%emt 00:00:02]} Qf3+ {[%clk 00:10:18]}
{[%emt 00:00:05]} 42. Kg1 {[%clk 00:01:35]} {[%emt 00:00:03]} Qe3+ {[%clk
00:10:25]} {[%emt 00:00:22]} 43. Kh1 {[%clk 00:02:03]} {[%emt 00:00:02]} Nf2+
{[%clk 00:10:50]} {[%emt 00:00:06]} 0-1

[Event "DEM U18 2024"]
[Site "Willingen GER"]
[Date "2024.05.23"]
[Round "7"]
[White "Sidletskyi, Ivan"]
[Black "Eilenberg, Jonas"]
[Result "0-1"]
[Termination "normal"]
[Board "4"]
[WhiteTitle "FM"]
[BlackTitle "FM"]
[WhiteElo "2346"]
[BlackElo "2296"]
[WhiteClock "00:02:57"]
[BlackClock "00:27:13"]
[PlyCount "72"]
[WhiteFideId "14156024"]
[BlackFideId "16204271"]
[EventCountry "GER"]
[EventRounds "9"]
[EventType "swiss"]
[EventDate "2024.05.18"]

1. e4 {[%clk 01:30:08]} {[%emt 00:00:51]} e5 {[%clk 01:30:54]} {[%emt
00:00:07]} 2. Nf3 {[%clk 01:30:33]} {[%emt 00:00:05]} Nc6 {[%clk 01:31:19]}
{[%emt 00:00:05]} 3. Bc4 {[%clk 01:30:52]} {[%emt 00:00:11]} Nf6 {[%clk
01:31:41]} {[%emt 00:00:07]} 4. Ng5 {[%clk 01:30:37]} {[%emt 00:00:45]} d5
{[%clk 01:31:54]} {[%emt 00:00:18]} 5. exd5 {[%clk 01:31:00]} {[%emt 00:00:07]}
Na5 {[%clk 01:32:14]} {[%emt 00:00:10]} 6. Bb5+ {[%clk 01:31:19]} {[%emt
00:00:11]} Bd7 {[%clk 01:32:38]} {[%emt 00:00:06]} 7. Qe2 {[%clk 01:31:03]}
{[%emt 00:00:47]} Bd6 {[%clk 01:33:01]} {[%emt 00:00:06]} 8. Bxd7+ {[%clk
01:25:38]} {[%emt 00:05:56]} Qxd7 {[%clk 01:32:21]} {[%emt 00:01:09]} 9. Nc3
{[%clk 01:15:59]} {[%emt 00:10:09]} c6 {[%clk 01:28:45]} {[%emt 00:04:05]} 10.
b4 {[%clk 01:01:28]} {[%emt 00:15:02]} Bxb4 {[%clk 01:25:52]} {[%emt 00:03:23]}
11. Qxe5+ {[%clk 00:59:45]} {[%emt 00:02:12]} Kf8 {[%clk 01:22:59]} {[%emt
00:03:23]} 12. O-O {[%clk 00:54:33]} {[%emt 00:05:42]} cxd5 {[%clk 01:21:08]}
{[%emt 00:02:22]} 13. Nf3 {[%clk 00:47:15]} {[%emt 00:07:48]} Nc6 {[%clk
01:12:46]} {[%emt 00:08:51]} 14. Qf4 {[%clk 00:44:19]} {[%emt 00:03:27]} d4
{[%clk 01:01:40]} {[%emt 00:11:35]} 15. Nb5 {[%clk 00:42:54]} {[%emt 00:01:56]}
Re8 {[%clk 00:59:06]} {[%emt 00:03:04]} 16. Bb2 {[%clk 00:36:34]} {[%emt
00:06:50]} Re4 {[%clk 00:54:37]} {[%emt 00:04:59]} 17. Qg3 {[%clk 00:35:33]}
{[%emt 00:01:31]} Rg4 {[%clk 00:48:14]} {[%emt 00:06:53]} 18. Qh3 {[%clk
00:13:22]} {[%emt 00:22:41]} Nd5 {[%clk 00:44:30]} {[%emt 00:04:13]} 19. Nfxd4
{[%clk 00:12:49]} {[%emt 00:01:04]} Nf4 {[%clk 00:42:52]} {[%emt 00:02:08]} 20.
Qf3 {[%clk 00:04:57]} {[%emt 00:08:21]} Ne5 {[%clk 00:34:40]} {[%emt 00:08:42]}
21. Qb3 {[%clk 00:04:31]} {[%emt 00:00:56]} Rxg2+ {[%clk 00:32:30]} {[%emt
00:02:40]} 22. Kh1 {[%clk 00:05:00]} Qg4 {[%clk 00:31:16]} {[%emt 00:01:46]}
23. Qg3 {[%clk 00:00:37]} {[%emt 00:04:53]} Rxg3 {[%clk 00:31:32]} {[%emt
00:00:14]} 24. fxg3 {[%clk 00:01:01]} {[%emt 00:00:05]} Ne2 {[%clk 00:30:24]}
{[%emt 00:01:38]} 25. Nxe2 {[%clk 00:00:33]} {[%emt 00:00:59]} Qxe2 {[%clk
00:29:44]} {[%emt 00:01:09]} 26. Nd4 {[%clk 00:00:32]} {[%emt 00:00:32]} Qe4+
{[%clk 00:29:59]} {[%emt 00:00:15]} 27. Kg1 {[%clk 00:01:01]} {[%emt 00:00:01]}
Bc5 {[%clk 00:30:21]} {[%emt 00:00:08]} 28. Rf4 {[%clk 00:01:28]} {[%emt
00:00:03]} Qxc2 {[%clk 00:28:18]} {[%emt 00:02:33]} 29. Bc3 {[%clk 00:01:24]}
{[%emt 00:00:33]} Nc6 {[%clk 00:28:06]} {[%emt 00:00:42]} 30. Re1 {[%clk
00:01:05]} {[%emt 00:00:49]} Nxd4 {[%clk 00:28:04]} {[%emt 00:00:32]} 31. Kg2
{[%clk 00:01:16]} {[%emt 00:00:19]} f6 {[%clk 00:26:24]} {[%emt 00:02:11]} 32.
Rh1 {[%clk 00:01:45]} Ne2 {[%clk 00:26:14]} {[%emt 00:00:41]} 33. Rff1 {[%clk
00:02:14]} {[%emt 00:00:01]} Qe4+ {[%clk 00:26:26]} {[%emt 00:00:17]} 34. Kh3
{[%clk 00:02:42]} {[%emt 00:00:01]} h5 {[%clk 00:26:31]} {[%emt 00:00:26]} 35.
Ba1 {[%clk 00:02:50]} {[%emt 00:00:23]} h4 {[%clk 00:26:46]} {[%emt 00:00:15]}
36. g4 {[%clk 00:02:57]} {[%emt 00:00:22]} Qd3+ {[%clk 00:27:13]} {[%emt
00:00:04]} 0-1

[Event "DEM U18 2024"]
[Site "Willingen GER"]
[Date "2024.05.23"]
[Round "7"]
[White "Weidenhöfer, Max"]
[Black "Chassard, Cedric"]
[Result "1-0"]
[Termination "normal"]
[Board "5"]
[BlackTitle "FM"]
[WhiteElo "2108"]
[BlackElo "2246"]
[WhiteClock "00:29:47"]
[BlackClock "00:45:44"]
[PlyCount "103"]
[WhiteFideId "16230566"]
[BlackFideId "16243536"]
[EventCountry "GER"]
[EventRounds "9"]
[EventType "swiss"]
[EventDate "2024.05.18"]

1. e4 {[%clk 01:30:57]} e5 {[%clk 01:30:51]} {[%emt 00:00:10]} 2. Bc4 {[%clk
01:31:20]} {[%emt 00:00:07]} Nf6 {[%clk 01:31:16]} {[%emt 00:00:05]} 3. d3
{[%clk 01:31:44]} {[%emt 00:00:06]} Nc6 {[%clk 01:31:26]} {[%emt 00:00:20]} 4.
Nc3 {[%clk 01:32:05]} {[%emt 00:00:08]} Na5 {[%clk 01:26:48]} {[%emt 00:05:09]}
5. Nge2 {[%clk 01:29:09]} {[%emt 00:03:25]} d6 {[%clk 01:20:01]} {[%emt
00:07:17]} 6. O-O {[%clk 01:25:42]} {[%emt 00:03:58]} Nxc4 {[%clk 01:19:49]}
{[%emt 00:00:43]} 7. dxc4 {[%clk 01:26:10]} {[%emt 00:00:01]} Be7 {[%clk
01:20:02]} {[%emt 00:00:16]} 8. Qd3 {[%clk 01:20:50]} {[%emt 00:05:50]} O-O
{[%clk 01:19:53]} {[%emt 00:00:38]} 9. Ng3 {[%clk 01:19:36]} {[%emt 00:01:44]}
Ne8 {[%clk 01:00:16]} {[%emt 00:20:08]} 10. f4 {[%clk 01:11:54]} {[%emt
00:08:12]} exf4 {[%clk 00:59:56]} {[%emt 00:00:50]} 11. Bxf4 {[%clk 01:12:06]}
{[%emt 00:00:18]} Bg5 {[%clk 00:56:00]} {[%emt 00:04:25]} 12. Nf5 {[%clk
01:01:49]} {[%emt 00:10:49]} Bxf4 {[%clk 00:48:44]} {[%emt 00:07:46]} 13. Rxf4
{[%clk 01:02:06]} {[%emt 00:00:12]} Bxf5 {[%clk 00:46:24]} {[%emt 00:02:50]}
14. exf5 {[%clk 01:00:37]} {[%emt 00:01:59]} Nf6 {[%clk 00:46:45]} {[%emt
00:00:08]} 15. Re1 {[%clk 00:46:14]} {[%emt 00:14:54]} Re8 {[%clk 00:46:44]}
{[%emt 00:00:32]} 16. Rff1 {[%clk 00:45:19]} {[%emt 00:01:24]} Qd7 {[%clk
00:45:36]} {[%emt 00:01:39]} 17. Nd5 {[%clk 00:35:07]} {[%emt 00:10:41]} Nxd5
{[%clk 00:45:23]} {[%emt 00:00:43]} 18. Qxd5 {[%clk 00:35:29]} {[%emt
00:00:08]} Rxe1 {[%clk 00:45:32]} {[%emt 00:00:22]} 19. Rxe1 {[%clk 00:35:57]}
{[%emt 00:00:01]} Re8 {[%clk 00:45:49]} {[%emt 00:00:12]} 20. Rxe8+ {[%clk
00:30:57]} {[%emt 00:05:30]} Qxe8 {[%clk 00:46:14]} {[%emt 00:00:07]} 21. Kf2
{[%clk 00:28:54]} {[%emt 00:02:32]} Qe5 {[%clk 00:40:32]} {[%emt 00:06:12]} 22.
Qxb7 {[%clk 00:27:55]} {[%emt 00:01:29]} Qxf5+ {[%clk 00:38:30]} {[%emt
00:02:32]} 23. Ke3 {[%clk 00:27:58]} {[%emt 00:00:28]} Qc5+ {[%clk 00:34:40]}
{[%emt 00:04:20]} 24. Kd3 {[%clk 00:28:01]} {[%emt 00:00:27]} g6 {[%clk
00:33:04]} {[%emt 00:02:06]} 25. b4 {[%clk 00:28:02]} {[%emt 00:00:29]} Qf5+
{[%clk 00:32:39]} {[%emt 00:00:54]} 26. Kc3 {[%clk 00:28:06]} {[%emt 00:00:27]}
Qe5+ {[%clk 00:18:47]} {[%emt 00:14:22]} 27. Kb3 {[%clk 00:28:35]} {[%emt
00:00:01]} d5 {[%clk 00:18:08]} {[%emt 00:01:08]} 28. Qxd5 {[%clk 00:25:47]}
{[%emt 00:03:18]} Qxh2 {[%clk 00:17:41]} {[%emt 00:00:57]} 29. Qa8+ {[%clk
00:25:57]} {[%emt 00:00:20]} Kg7 {[%clk 00:18:09]} {[%emt 00:00:01]} 30. Qxa7
{[%clk 00:26:27]} Qxg2 {[%clk 00:15:21]} {[%emt 00:03:19]} 31. Qxc7 {[%clk
00:26:44]} {[%emt 00:00:13]} h5 {[%clk 00:15:08]} {[%emt 00:00:42]} 32. b5
{[%clk 00:19:10]} {[%emt 00:08:04]} h4 {[%clk 00:14:22]} {[%emt 00:01:16]} 33.
b6 {[%clk 00:19:25]} {[%emt 00:00:15]} h3 {[%clk 00:13:50]} {[%emt 00:01:03]}
34. b7 {[%clk 00:19:33]} {[%emt 00:00:22]} h2 {[%clk 00:13:41]} {[%emt
00:00:38]} 35. Qe5+ {[%clk 00:06:10]} {[%emt 00:13:53]} f6 {[%clk 00:14:07]}
{[%emt 00:00:05]} 36. Qc7+ {[%clk 00:04:24]} {[%emt 00:02:15]} Kh6 {[%clk
00:14:24]} {[%emt 00:00:12]} 37. Qf4+ {[%clk 00:04:53]} {[%emt 00:00:02]} g5
{[%clk 00:11:58]} {[%emt 00:02:57]} 38. Qxf6+ {[%clk 00:05:22]} {[%emt
00:00:01]} Kh5 {[%clk 00:12:18]} {[%emt 00:00:10]} 39. b8=Q {[%clk 00:00:49]}
{[%emt 00:05:04]} Qh3+ {[%clk 00:10:50]} {[%emt 00:01:57]} 40. Qc3 {[%clk
00:00:35]} {[%emt 00:00:43]} h1=Q {[%clk 00:10:34]} {[%emt 00:00:46]} 41. Qbh8+
{[%clk 00:26:26]} {[%emt 00:04:38]} Kg4 {[%clk 00:41:03]} {[%emt 00:00:02]} 42.
Qhxh3+ {[%clk 00:26:19]} {[%emt 00:00:37]} Qxh3 {[%emt 00:00:03]} 43. Qxh3+
{[%clk 00:26:37]} {[%emt 00:00:09]} Kxh3 {[%clk 00:42:01]} {[%emt 00:00:02]}
44. c5 {[%clk 00:27:00]} {[%emt 00:00:07]} g4 {[%clk 00:42:31]} 45. c6 {[%clk
00:27:25]} {[%emt 00:00:06]} g3 {[%clk 00:42:58]} {[%emt 00:00:03]} 46. c7
{[%clk 00:27:52]} {[%emt 00:00:03]} g2 {[%clk 00:43:26]} {[%emt 00:00:02]} 47.
c8=Q {[%clk 00:28:17]} {[%emt 00:00:05]} Kh2 {[%clk 00:43:54]} {[%emt
00:00:02]} 48. Qh8+ {[%clk 00:28:28]} {[%emt 00:00:18]} Kg3 {[%clk 00:44:22]}
{[%emt 00:00:02]} 49. Qg7 {[%clk 00:28:51]} {[%emt 00:00:07]} Kh2 {[%clk
00:44:51]} {[%emt 00:00:01]} 50. c4 {[%clk 00:29:11]} {[%emt 00:00:10]} g1=Q
{[%clk 00:45:16]} {[%emt 00:00:06]} 51. Qxg1+ {[%clk 00:29:25]} {[%emt
00:00:15]} Kxg1 {[%clk 00:45:44]} {[%emt 00:00:02]} 52. c5 {[%clk 00:29:47]}
{[%emt 00:00:08]} 1-0